00743cam a2200217 45000010005000000030008000050050017000130080041000300350018000710400033000890410008001220820015001301000021001452450092001662600070002583000034003285040031003626500054003936500047004477000031004944258BD-RjUL20211208233848.0131222s1963 pk b bs 001 0 eng d a(BD-RjUL)4293 aDLCcDLCdDLCdBD-RjUL)beng aeng04a658.3bHUS1 aHusain, A. F. A.10aSocial integration of industrial workers in Khulna /cby A. F. A. Husain and A. Farouk. a[Dacca]bBureau of Economic Research, University of Daccac[1963] axvi, 207 p. :bmap. ;c23 cm. aBibliographical footnotes. 0aIndustrial relationszPakistanzKhulna (District) 0aWorking classzPakistanzKhulna (District)1 aFarouk, A.,ejoint author.